Pantaleón y las visitadoras / (Record no. 43444)

MARC details
000 -CABECERA
campo de control de longitud fija 00581nam a2200193 a 4500
005 - FECHA Y HORA DE LA ÚLTIMA TRANSACCIÓN
campo de control 20220602063701.0
008 - ELEMENTOS DE LONGITUD FIJA--INFORMACIÓN GENERAL
campo de control de longitud fija 991125m19731979es 000 0 spa u
035 ## - NÚMERO DE CONTROL DEL SISTEMA
Número de control de sistema UPN01000043444
049 ## - COLECCIÓN
Colección CG
050 #4 - SIGNATURA TOPOGRÁFICA DE LA BIBLIOTECA DEL CONGRESO
Número de clasificación PQ8498.32 A6.5
Número de documento/Ítem P3
100 1# - ASIENTO PRINCIPAL--NOMBRE PERSONAL
Nombre de persona Vargas Llosa, Mario,
Fechas asociadas al nombre 1936-
9 (RLIN) 29481
245 10 - MENCIÓN DE TÍTULO
Título Pantaleón y las visitadoras /
Mención de responsabilidad, etc. Mario Vargas Llosa.
260 ## - PUBLICACIÓN, DISTRIBUCIÓN, ETC.
Lugar de publicación, distribución, etc. Barcelona [Esp.] :
Nombre del editor, distribuidor, etc. Seix Barral,
Fecha de publicación, distribución, etc. 1973 (1979 impr.).
300 ## - DESCRIPCIÓN FÍSICA
Extensión 309 p.
440 #0 - MENCIÓN DE SERIE/ASIENTO SECUNDARIO--TÍTULO
Título Biblioteca breve
650 #7 - ASIENTO SECUNDARIO DE MATERIA - TERMINO TEMATICO
Término de materia o nombre geográfico como elemento de entrada Novela peruana
Fuente del encabezamiento o término
9 (RLIN) 10208
650 #4 - ASIENTO SECUNDARIO DE MATERIA - TERMINO TEMATICO
Término de materia o nombre geográfico como elemento de entrada LITERATURA PERUANA -
Subdivisión cronológica SIGLO XX
9 (RLIN) 9777
905 ## - TIPO DE MATERIAL
Tipo de material Libro
Holdings
Estado de retiro Estado de pérdida Fuente del sistema de clasificación o colocación Estado dañado No para préstamo Código de colección Localización permanente Ubicación/localización actual Ubicación en estantería Total de préstamos Clasificación Código de barras Fecha visto por última vez Número de copia Tipo de ítem Koha
    Library of Congress Classification     Colección General Bib. Gregorio Torres Quintero Bib. Gregorio Torres Quintero Planta baja   PQ8498.32 A6.5 P3 6313 31/12/2020 1 Libro